| 000 | 01466nam a2200385 c 4500 | ||
|---|---|---|---|
| 999 |
_c18610 _d18610 |
||
| 001 | 18610 | ||
| 003 | ES-MaCES | ||
| 005 | 20220623144234.0 | ||
| 008 | 060323s2006 sp t 000 | spa d | ||
| 017 |
_aV 733-2006 _bDL |
||
| 020 | _a8484565505 | ||
| 035 | _aCES20060002631m | ||
| 040 |
_aES-MaCES _bspa _cES-MaCES |
||
| 245 | 0 | 3 |
_aLa negociación colectiva en España _b: una mirada crítica _cObservatorio de la Negociación Colectiva [de CC.OO.] ; coord. general, Escudero Rodríguez, Ricardo |
| 260 |
_aValencia _bTirant lo Blanch _c2006 |
||
| 300 |
_a694 p. _c24 cm |
||
| 500 | _aLa CS de CC.OO. bajo la denominación de 'Observatorio de la Negociación Colectiva', engloba a un colectivo ds estudiosos de las relaciones laborales | ||
| 504 | _aBibliografía: p. 677-684 | ||
| 541 | _cGratuito | ||
| 650 | 4 |
_anegociación colectiva _928362 |
|
| 650 | 4 |
_acondiciones de trabajo _928327 |
|
| 650 | 4 |
_apoder empresarial _930600 |
|
| 650 | 4 |
_apoder sindical _930599 |
|
| 650 | 4 |
_asalario _928387 |
|
| 650 | 4 |
_aseguridad en el trabajo _928348 |
|
| 650 | 4 |
_asalud en el trabajo _928347 |
|
| 650 | 4 |
_aEspaña _926964 |
|
| 650 | 4 |
_928369 _arelaciones laborales |
|
| 653 | 1 | 0 | _aRelaciones laborales-Empleo |
| 700 | 1 |
_aEscudero Rodríguez, Ricardo _ecol. _911391 |
|
| 710 | 2 |
_aComisiones Obreras _bObservatorio de la Negociación Colectiva _939692 |
|
| 902 | _aLIB Libro | ||
| 942 |
_2CES _cBK _h2.0. |
||